| 000 | 01558nam a2200289Ia 4500 | ||
|---|---|---|---|
| 003 | AR-RoIUNI | ||
| 005 | 20241122062720.0 | ||
| 008 | 150616s9999 xx 000 0 und d | ||
| 020 |
_a9701051661 _q(v.1.) |
||
| 020 |
_a9701051653 _q(o.c.) |
||
| 040 | _cIUNIR | ||
| 040 |
_dOCLC _cIUNIR |
||
| 080 | _a616 HAR | ||
| 245 | 1 |
_aHarrison Principios de Medicina Interna _nVolumen 1 |
|
| 245 | _cKasper, Dennis L.; ed. Fauci, Anthony S.; ed. Braunwald, Eugene; ed. | ||
| 250 | _a16a. ed. | ||
| 260 | _aMéxico | ||
| 260 | _bMcGraw-Hill Interamericana | ||
| 260 | _cc2006 | ||
| 300 | _a1440 p. | ||
| 300 | _c28 cm. | ||
| 505 | 0 | _aVolumen 1 Parte 1. Introducción a la medicina clínica Parte 2. Sintomas principales y cuadro inicial de las enfermedades Parte 3. La genética y las enfermedades Parte 4. Nutrición Parte 5. Oncología y hematología Parte 6. Enfermedades infecciosas Parte 7. Bioterrorismo y medicina clínica Volumen 2 Parte 8. Enfermedades del aparato cardiovascular Parte 9. Enfermedades del aparato respiratorio Parte 10. Atención de enfermos en estado crítico Parte 11. Trastornos del riñón y las vías urinarias Parte 12. Enfermedades de las vías gastrointestinales Parte 13. Trastornos del sistema Inmunitario, el tejido conectivo y las articulaciones Parte 14. Endocrinología y metabolismo Parte 15. Trastornos neurológicos Parte 16. Intoxicaciones, sobredosis medicamentosas y envenenamientos | |
| 650 | 1 | 0 |
_aMedicina _958 |
| 650 | 1 | 0 |
_9218 _aMedicina interna |
| 700 | 1 |
_9305 _aHarrison, Tinsley R. |
|
| 942 |
_cBK _2cdu |
||
| 999 |
_c4063 _d4063 |
||